LEADER 01726nam 2200373 n 450 001 996392776503316 005 20200824121815.0 035 $a(CKB)4940000000113723 035 $a(EEBO)2264219721 035 $a(UnM)ocm99887219e 035 $a(UnM)99887219 035 $a(EXLCZ)994940000000113723 100 $a19980403f16801682 uy 101 0 $aeng 135 $aurbn||||a|bb| 200 14$aThe loyal and true hearted subjects good will to King and Common-wealth$b[electronic resource] $eFor all the merchants that with lead doth trade, and minors, I these verses here have made, for their sweet pleasure mirth, and great delight, I took the pains these verses to indite, but my good will to King and country here to all true subjects plainly shall appear. To the tune of, The Dukes wish, or Ile ask no more 210 $a[London] $cPrinted for Thomas Passenger at the three bibles on London-bridge$d[between 1680-1682] 215 $a1 sheet ([1] p.) $cill. (woodcuts) 300 $aSigned: By Thomas Houghton. 300 $aPlace and date of publication suggested by Wing. 300 $aVerse: "Minors of Minervals where ere you be ..." 300 $aItem at A5:2[436] imperfect: trimmed at head affecting title. 300 $aReproduction of original in the Harvard University, Houghton Library and the British Library. 330 $aeebo-0067 606 $aBallads, English$y17th century 615 0$aBallads, English 700 $aHoughton$b Thomas$cGent.$01001093 801 0$bCu-RivES 801 1$bCu-RivES 801 2$bCu-RivES 906 $aBOOK 912 $a996392776503316 996 $aThe loyal and true hearted subjects good will to King and Common-wealth$92377682 997 $aUNISA LEADER 02860oam 22007814a 450 001 9910745600503321 005 20240922213720.0 010 $a9780271096032 010 $a0271096039 035 $a(CKB)28443023700041 035 $a(OCoLC)1396743576 035 $a(MdBmJHUP)musev2_114088 035 $a(MiAaPQ)EBC31522947 035 $a(Au-PeEL)EBL31522947 035 $a(Perlego)4395652 035 $a(EXLCZ)9928443023700041 100 $a20230209h20232023 uy 0 101 0 $aeng 135 $aur|||||||nn|n 181 $ctxt$2rdacontent 182 $cc$2rdamedia 183 $acr$2rdacarrier 200 10$aNestwork : $eNew Material Rhetorics for Precarious Species / $fJennifer Clary-Lemon 205 $a1st ed. 210 1$aUniversity Park, Pennsylvania :$cThe Pennsylvania State University Press,$d[2023] 210 4$dİ[2023] 215 $a1 online resource: $cillustrations (black and white, and colour) ; 225 0 $aThe RSA series in transdisciplinary rhetoric 327 $aIntroduction : turning otherwise -- Barn swallow : infrastructural migrations and the dull edge of extinction -- Chimney swift : building precarity with fake chimneys -- Bobolink : being on bird time -- Conclusions for irreconcilability : making attention. 330 $a"Examines how humans interact with small, uncharismatic species through three rhetorical case studies of human responses to bird species decline that challenge anthropocentric models of rhetoric"--$cProvided by publisher. 410 0$aRSA Series in Transdisciplinary Rhetoric Series 606 $aRhetoric$2fast$3(OCoLC)fst01096948 606 $aHuman-animal relationships$2fast$3(OCoLC)fst00963482 606 $aChimney swift$2fast$3(OCoLC)fst00857076 606 $aBobolink$2fast$3(OCoLC)fst00835270 606 $aBirds$xNests$2fast$3(OCoLC)fst00833043 606 $aBird declines$2fast$3(OCoLC)fst01892976 606 $aBarn swallow$2fast$3(OCoLC)fst00827659 606 $aBobolink 606 $aChimney swift 606 $aBarn swallow 606 $aRhetoric 606 $aBird declines 606 $aHuman-animal relationships 606 $aBirds$xNests 608 $aElectronic books. 615 7$aRhetoric. 615 7$aHuman-animal relationships. 615 7$aChimney swift. 615 7$aBobolink. 615 7$aBirds$xNests. 615 7$aBird declines. 615 7$aBarn swallow. 615 0$aBobolink. 615 0$aChimney swift. 615 0$aBarn swallow. 615 0$aRhetoric. 615 0$aBird declines. 615 0$aHuman-animal relationships. 615 0$aBirds$xNests. 676 $a598.1564 700 $aClary-Lemon$b Jennifer$01430418 801 0$bMdBmJHUP 801 1$bMdBmJHUP 906 $aBOOK 912 $a9910745600503321 996 $aNestwork$93570135 997 $aUNINA